Leiedio /

সংরক্ষণ করুন:
গ্রন্থ-পঞ্জীর বিবরন
প্রধান লেখক: Borriello, Elvira
বিন্যাস: গ্রন্থ
ভাষা:ইতালিয়
প্রকাশিত: Reggio Emilia : Città editrice, 2009
সংস্করন:3. ed
ট্যাগগুলো: ট্যাগ যুক্ত করুন
কোনো ট্যাগ নেই, প্রথমজন হিসাবে ট্যাগ করুন!

MARC

LEADER 00000nam a22000007i 4500
001 IT\ICCU\BVE\0537074
003 ItRI
005 20250426110352.0
008 101119s2009 it |||||| ||||| |||||c
020 |a 8890091614 
040 |b ita  |c Arcigay Queer VdA 
041 7 |a ita  |2 ISO-639-2 
100 1 |a Borriello, Elvira  |0 IT\ICCU\REAV\095050 
245 1 0 |a Leiedio /  |c Borriello Elvira. 
250 |a 3. ed 
260 |a Reggio Emilia :  |b Città editrice,  |c 2009 
300 |a 195 p. ;  |c 21 cm. 
942 |2 ddc  |c BK 
952 |0 0  |1 0  |2 ddc  |4 0  |6 853_920000000000000_BOR_LEI  |7 0  |9 4000  |a AO  |b AO  |d 2025-04-26  |l 0  |o 853.92 BOR LEI  |p 11185  |r 2025-04-26 11:04:48  |w 2025-04-26  |y BK 
981 1 |6 z01  |a i   |b xxxe  
982 1 |6 z01  |a n 
999 |c 3114  |d 3114